हादसों से गुजरते हुए;तथा अन्य कहानिया/ (Record no. 199941)

MARC details
000 -LEADER
fixed length control field 00832nam a22001937a 4500
005 - DATE AND TIME OF LATEST TRANSACTION
control field 20240103112653.0
010 ## - LCCN (DPL NO)
LC control number HIN-126642
020 ## - INTERNATIONAL STANDARD BOOK NUMBER
International Standard Book Number 9788188790777
Terms of availability 295.00
035 ## - SYSTEM CONTROL NUMBER
System control number HN-98988
037 ## - SOURCE OF ACQUISITION
Source of stock number/acquisition DBAD/PUB
082 ## - DEWEY DECIMAL CLASSIFICATION NUMBER
Classification number
100 ## - MAIN ENTRY--PERSONAL NAME
Personal name राव,सी भास्कर
245 ## - TITLE STATEMENT
Title हादसों से गुजरते हुए;तथा अन्य कहानिया/
Statement of responsibility, etc सी भास्कर राव
260 ## - PUBLICATION, DISTRIBUTION, ETC. (IMPRINT)
Place of publication, distribution, etc दिल्ली
Name of publisher, distributor, etc कल्पना प्रकाशन
Date of publication, distribution, etc 2022
270 ## - ADDRESS
Address बी -1770 जहांगीर पुरी नजदीक स्टेट बैंक ऑफ़ इंडिया
City दिल्ली
Postal code 110033
300 ## - PHYSICAL DESCRIPTION
Extent 120 पृ.;
Dimensions 22 सेमी.(सजिल्द)
710 ## - ADDED ENTRY--CORPORATE NAME
9 (RLIN) 60529
942 ## - ADDED ENTRY ELEMENTS (KOHA)
Source of classification or shelving scheme Dewey Decimal Classification
Item type Hindi Books
Classification part
Call number suffix रावसी
Holdings
Withdrawn status Lost status Not for loan Collection code Home library Current library Date acquired Source of acquisition Cost, normal purchase price Full call number Barcode Copy number Cost, replacement price Koha item type
      Fiction Ashok Vihar Ashok Vihar 03/01/2024 DBAD/PUB 295.00 क रावसी HN-98988 1 295.00 Hindi Books

© Delhi Public Library
Hit Counter
free hit counter